| 000 | 00373pab a2200145 454500 | ||
|---|---|---|---|
| 008 | 180718b1989 xxu||||| |||| 00| 0 eng d | ||
| 100 | _aBanerji, Arun | ||
| 245 |
_aBalance of payment _bEvaling the real issues |
||
| 260 | _c1989 | ||
| 300 | _a495-7 | ||
| 362 | _a11 Mar. | ||
| 650 | _aBalance of Payments - India | ||
| 773 | _aEconomic and Political Weekly | ||
| 909 | _a4166 | ||
| 999 |
_c4166 _d4166 |
||